TB OF HUMAN NEUROANATOMY (Record no. 1024)

MARC details
000 -LEADER
fixed length control field 00327nam a2200133Ia 4500
008 - FIXED-LENGTH DATA ELEMENTS--GENERAL INFORMATION
fixed length control field 150201s2009 xx 000 0 und d
082 ## - DEWEY DECIMAL CLASSIFICATION NUMBER
Classification number 611
Item number H09S
100 ## - MAIN ENTRY--PERSONAL NAME
Personal name SINGH,INDERBIR
245 ## - TITLE STATEMENT
Title TB OF HUMAN NEUROANATOMY
250 ## - EDITION STATEMENT
Edition statement 8TH
260 ## - PUBLICATION, DISTRIBUTION, ETC. (IMPRINT)
Name of publisher, distributor, etc. JAYPEE BROTHERS
Place of publication, distribution, etc. DELHI
Date of publication, distribution, etc. 2009
650 ## - SUBJECT ADDED ENTRY--TOPICAL TERM
Topical term or geographic name as entry element HUMAN ANATOMY
942 ## - ADDED ENTRY ELEMENTS (KOHA)
Source of classification or shelving scheme Dewey Decimal Classification
Koha item type Books
Koha issues (borrowed), all copies 25
Holdings
Withdrawn status Lost status Source of classification or shelving scheme Damaged status Not for loan Collection code Home library Current library Shelving location Date acquired Source of acquisition Cost, normal purchase price SGTU Bill Number Total Checkouts Full call number Barcode Date last seen Bill Date Koha item type Date last checked out
    Dewey Decimal Classification     MEDICAL SGT Medical Library SGT Medical Library Text Book 08/03/2010 JAYPEE 325.00 SGTU 7892   611 H09S FM3989 09/02/2015 08/03/2010 Books  
    Dewey Decimal Classification     MEDICAL SGT Medical Library SGT Medical Library Text Book 08/03/2010 JAYPEE 325.00 SGTU 7892   611 H09S FM3990 09/02/2015 08/03/2010 Books  
    Dewey Decimal Classification     MEDICAL SGT Medical Library SGT Medical Library Text Book 23/01/2017 ABC 450.00 SGTU 7551 7 611 H09S FM8401 21/09/2019 23/12/2016 Books 16/09/2019
    Dewey Decimal Classification     MEDICAL SGT Medical Library SGT Medical Library Text Book 23/01/2017 ABC 450.00 SGTU 7551 5 611 H09S FM8402 10/04/2018 23/12/2016 Books 31/03/2018
    Dewey Decimal Classification     MEDICAL SGT Medical Library SGT Medical Library Text Book 23/01/2017 ABC 450.00 SGTU 7551 3 611 H09S FM8403 24/09/2025 23/12/2016 Books 09/09/2025
    Dewey Decimal Classification     MEDICAL SGT Medical Library SGT Medical Library Text Book 23/01/2017 ABC 450.00 SGTU 7551 21 611 H09S FM8404 06/05/2024 23/12/2016 Books 06/05/2024
    Dewey Decimal Classification     MEDICAL SGT Medical Library SGT Medical Library Text Book 23/01/2017 ABC 450.00 SGTU 7551 21 611 H09S FM8405 22/11/2023 23/12/2016 Books 02/11/2023